Robert de Niro - Sudden Death - Statistics

General Stats
  • This quiz has been taken 677 times
  • The average score is 7 of 18
Answers on the Grid
Answers color-coded by a green-red scale on the quiz's grid according to % correct below.
GoodFellas
Ronin
Taxi Driver
The Godfather
Copland
The French Connection
Heat
Scent of a Woman
Midnight Run
The Conversation
Meet the Stillers
Casino
Once Upon a Time in America
As Good As It Gets
Crazy People
Raging Bull
The King of Comedy
The Departed
Ben Hur
The Deerhunter
Silver Linings Playbook
Saving Private Ryan
Brazil
The Intern
The Godfather 2
The Last Temptation of Christ
Mean Streets
Matilda
The Mission
Cape Fear
 
Answer Stats
Answer % Correct
GoodFellas
91%
Taxi Driver
86%
Heat
49%
Raging Bull
47%
Casino
46%
The Godfather 2
42%
Ronin
40%
Once Upon a Time in America
34%
Cape Fear
33%
The Deerhunter
33%
The King of Comedy
30%
The Intern
28%
Mean Streets
26%
Silver Linings Playbook
23%
Midnight Run
17%
Copland
14%
Brazil
12%
The Mission
10%
No matching quizzes found
Score Distribution
Percent of People with Each Score
Percentile by Number Answered
Your Score History
You have not taken this quiz